000 00620 a2200169 4500
999 _c182993
_d182993
005 20211214111052.0
010 _aENG-130297
020 _c680.00
_a978-93-89137-79-8
035 _aEN-113829
037 _bDBAD / PUB
082 _a355.03301824
245 _aThe Indian Ocean Great Game Unfolding Interests, Determinants and Perspectives:
_bEdited by Sundeep Kumar. S
260 _bKW Publishers Pvt Ltd.
_c2021
_aNew Delhi
270 _mkw@kwpub.com
_a4676/21, First Floor, Ansari Road, Daryaganj
_bNew Delhi
_e110002
300 _axix, 134p.
_c23cm (pbk)
942 _adpl
_cEN
_2ddc
_h355.03301824
_mSUN